भगतसिंह का जिगरी दोस्त शहीद मृत्युविजयी यतीन्द्रनाथ दास/ (Record no. 213272)
[ view plain ]
| 000 -LEADER | |
|---|---|
| fixed length control field | 01084nam a22001817a 4500 |
| 010 ## - LCCN (DPL NO) | |
| LC control number | HIN-130347 |
| 020 ## - INTERNATIONAL STANDARD BOOK NUMBER | |
| International Standard Book Number | 9788119349012 |
| Terms of availability | 400 |
| 035 ## - SYSTEM CONTROL NUMBER | |
| System control number | HN-102693 |
| 037 ## - SOURCE OF ACQUISITION | |
| Source of stock number/acquisition | DBAD |
| 082 ## - DEWEY DECIMAL CLASSIFICATION NUMBER | |
| Classification number | 921 |
| 100 ## - MAIN ENTRY--PERSONAL NAME | |
| Personal name | राय,आदित्य प्रसन्न |
| 245 ## - TITLE STATEMENT | |
| Title | भगतसिंह का जिगरी दोस्त शहीद मृत्युविजयी यतीन्द्रनाथ दास/ |
| Statement of responsibility, etc | आदित्य प्रसन्न राय; पं सत्यनारायण शर्मा द्वारा सम्पादित |
| 260 ## - PUBLICATION, DISTRIBUTION, ETC. (IMPRINT) | |
| Place of publication, distribution, etc | दिल्ली |
| Name of publisher, distributor, etc | शिलालेख पब्लिशर्स |
| Date of publication, distribution, etc | 2023 |
| 270 ## - ADDRESS | |
| Address | 4/32 ग्राउंड फ्लोर, सुभाष गली, विशवास नगर, शाहदरा |
| City | दिल्ली |
| Postal code | 110032 |
| Electronic mail address | centraloffice@oreintblackswan.com |
| 300 ## - PHYSICAL DESCRIPTION | |
| Extent | 160पृष्ठ; |
| Dimensions | 23सेमी(सजिल्द) |
| 700 ## - ADDED ENTRY--PERSONAL NAME | |
| Personal name | शर्मा, पं सत्यनारायण |
| 9 (RLIN) | 84553 |
| 942 ## - ADDED ENTRY ELEMENTS (KOHA) | |
| Source of classification or shelving scheme | Dewey Decimal Classification |
| Item type | Hindi Books |
| Classification part | 921 |
| Call number suffix | राय |
| Withdrawn status | Lost status | Not for loan | Collection code | Home library | Current library | Date acquired | Source of acquisition | Cost, normal purchase price | Full call number | Barcode | Copy number | Cost, replacement price | Koha item type |
|---|---|---|---|---|---|---|---|---|---|---|---|---|---|
| Not For Loan | Non-fiction | D.B.Act.Division | D.B.Act.Division | 03/09/2025 | DBAD | 400.00 | 921 राय | HN-102693 | 1 | 400.00 | Hindi Books |
